Tour de Hongrie: szakaszok - Statistics

General Stats
  • This quiz has been taken 14 times
    5 since last reset
  • The average score is 66 of 100
Answer Stats
Év Szakasz Rajt/cél Település % Correct
2015 Ötödik szakasz Cél Budapest
100%
2016 Ötödik szakasz Cél Budapest
100%
2017 Ötödik szakasz Cél Budapest
100%
2021 Ötödik szakasz Rajt Budapest
100%
2021 Ötödik szakasz Cél Budapest
100%
2023 Ötödik szakasz Rajt Budapest
100%
2023 Ötödik szakasz Cél Budapest
100%
2024 Negyedik szakasz Rajt Budapest
100%
2016 Harmadik szakasz Rajt Cegléd
100%
2017 Harmadik szakasz Cél Cegléd
100%
2018 Harmadik szakasz Rajt Cegléd
100%
2020 Második szakasz Rajt Debrecen
100%
2019 Első szakasz Cél Esztergom
100%
2020 Első szakasz Rajt Esztergom
100%
2020 Első szakasz Cél Esztergom
100%
2015 Első szakasz Cél Keszthely
100%
2016 Első szakasz Cél Keszthely
100%
2016 Második szakasz Rajt Keszthely
100%
2017 Első szakasz Rajt Keszthely
100%
2018 Első szakasz Cél Keszthely
100%
2023 Második szakasz Cél Keszthely
100%
2017 Negyedik szakasz Cél Miskolc
100%
2018 Negyedik szakasz Cél Miskolc
100%
2019 Második szakasz Cél Miskolc
100%
2020 Ötödik szakasz Rajt Miskolc
100%
2022 Ötödik szakasz Rajt Miskolc
100%
2016 Második szakasz Cél Siófok
100%
2017 Második szakasz Cél Siófok
100%
2021 Első szakasz Rajt Siófok
100%
2024 Ötödik szakasz Rajt Siófok
100%
2021 Harmadik szakasz Cél Tata
100%
2021 Harmadik szakasz Rajt Veszprém
100%
2019 Második szakasz Rajt Balassagyarmat
67%
2021 Negyedik szakasz Rajt Balassagyarmat
67%
2015 Második szakasz Rajt Balatonföldvár
67%
2021 Második szakasz Rajt Balatonfüred
67%
2015 Ötödik szakasz Rajt Gyöngyös
67%
2016 Ötödik szakasz Rajt Gyöngyös
67%
2021 Első szakasz Cél Kaposvár
67%
2023 Harmadik szakasz Rajt Kaposvár
67%
2018 Ötödik szakasz Rajt Kazincbarcika
67%
2018 Ötödik szakasz Cél Kazincbarcika
67%
2019 Harmadik szakasz Rajt Kazincbarcika
67%
2020 Negyedik szakasz Cél Kazincbarcika
67%
2022 Negyedik szakasz Rajt Kazincbarcika
67%
2022 Negyedik szakasz Cél Kazincbarcika
67%
2024 Második szakasz Cél Kazincbarcika
67%
2024 Harmadik szakasz Rajt Kazincbarcika
67%
2015 Második szakasz Cél Kecskemét
67%
2019 Ötödik szakasz Rajt Kecskemét
67%
2015 Negyedik szakasz Cél Kékestető
67%
2016 Negyedik szakasz Cél Kékestető
67%
2019 Negyedik szakasz Cél Kékestető
67%
2021 Negyedik szakasz Cél Kékestető
67%
2022 Ötödik szakasz Cél Kékestető
67%
2024 Harmadik szakasz Cél Kékestető
67%
2021 Második szakasz Cél Nagykanizsa
67%
2020 Harmadik szakasz Cél Nyíregyháza
67%
2022 Harmadik szakasz Cél Nyíregyháza
67%
2023 Harmadik szakasz Cél Pécs
67%
2024 Ötödik szakasz Cél Pécs
67%
2018 Második szakasz Cél Székesfehérvár
67%
2019 Ötödik szakasz Cél Székesfehérvár
67%
2022 Első szakasz Cél Székesfehérvár
67%
2015 Első szakasz Rajt Szombathely
67%
2017 Első szakasz Cél Zalaegerszeg
67%
2023 Második szakasz Rajt Zalaegerszeg
67%
2015 Harmadik szakasz Rajt Abony
33%
2018 Első szakasz Rajt Balatonalmádi
33%
2022 Első szakasz Rajt Csákvár
33%
2023 Negyedik szakasz Cél Dobogókő
33%
2024 Negyedik szakasz Cél Etyek
33%
2016 Első szakasz Rajt Fertőd
33%
2018 Harmadik szakasz Cél Hajdúszoboszló
33%
2019 Harmadik szakasz Cél Hajdúszoboszló
33%
2020 Második szakasz Cél Hajdúszoboszló
33%
2022 Második szakasz Cél Hajdúszoboszló
33%
2024 Első szakasz Cél Hajdúszoboszló
33%
2017 Ötödik szakasz Rajt Jászberény
33%
2015 Harmadik szakasz Cél Karcag
33%
2015 Negyedik szakasz Rajt Karcag
33%
2016 Harmadik szakasz Cél Karcag
33%
2016 Negyedik szakasz Rajt Karcag
33%
2017 Negyedik szakasz Rajt Karcag
33%
2018 Negyedik szakasz Rajt Karcag
33%
2019 Negyedik szakasz Rajt Karcag
33%
2020 Harmadik szakasz Rajt Karcag
33%
2022 Második szakasz Rajt Karcag
33%
2024 Első szakasz Rajt Karcag
33%
2020 Ötödik szakasz Cél Kékestető
33%
2023 Negyedik szakasz Rajt Martonvásár
33%
2017 Harmadik szakasz Rajt Paks
33%
2020 Negyedik szakasz Rajt Sárospatak
33%
2022 Harmadik szakasz Rajt Sárospatak
33%
2023 Első szakasz Rajt Szentgotthárd
33%
2023 Első szakasz Cél Szentgotthárd
33%
2024 Második szakasz Rajt Tokaj
33%
2017 Második szakasz Rajt Velence
33%
2018 Második szakasz Rajt Velence
33%
2019 Első szakasz Rajt Velence
33%
No matching quizzes found
Score Distribution
Percent of People with Each Score
Percentile by Number Answered
Your Score History
You have not taken this quiz since the last reset